[Event "Bratto op-B 34th"]
[Site "Bratto"]
[Date "2014.08.28"]
[Round "6"]
[White "Oteri, Aldo"]
[Black "Boccalatte, Piero"]
[Result "0-1"]
[WhiteElo "1752"]
[BlackElo "1924"]
[PlyCount "66"]
[EventDate "2014.08.23"]
[EventType "swiss"]
[EventRounds "8"]
[EventCountry "ITA"]
[SourceTitle "EXT 2017"]
[Source "ChessBase"]
[SourceDate "2016.10.25"]
[SourceVersion "1"]
[SourceVersionDate "2016.10.25"]
[SourceQuality "1"]

1. e4 c6 2. d4 d5 3. exd5 cxd5 4. c4 Nf6 5. Nc3 e6 6. Nf3 Bb4 7. Qc2 Nc6 8. cxd5 Nxd5 9. Bc4 0-0 10. 0-0 Re8 11. Nxd5 exd5 12. Bd3 g6 13. h4 Be7 14. a3 Bxh4 15. Nxh4 Qxh4 16. Be3 Be6 17. Bb5 Rac8 18. Qd2 a6 19. Bg5 Qg4 20. f3 Qg3 21. Bf6 Qd6 22. Bxc6 Rxc6 23. Rac1 Rec8 24. Qh6 Qf8 25. Qf4 Bf5 26. Rxc6 Rxc6 27. g4 Rxf6 28. gxf5 Rxf5 29. Qc7 b5 30. Kf2 Qh6 31. Rg1 Qd2+ 32. Kg3 Rg5+ 33. Kh3 Rh5+ 0-1

[Event "Bratto op-B 33rd"]
[Site "Bratto"]
[Date "2013.08.21"]
[Round "4"]
[White "Gemelli, Giovanni"]
[Black "Boccalatte, Piero"]
[Result "1/2-1/2"]
[WhiteElo "1842"]
[BlackElo "1972"]
[PlyCount "44"]
[EventDate "2013.08.18"]
[EventType "swiss"]
[EventRounds "8"]
[EventCountry "ITA"]
[SourceTitle "EXT 2015"]
[Source "ChessBase"]
[SourceDate "2014.11.20"]
[SourceVersion "1"]
[SourceVersionDate "2014.11.20"]
[SourceQuality "1"]

1. e4 c6 2. d4 d5 3. exd5 cxd5 4. c4 Nf6 5. Nc3 e6 6. cxd5 Nxd5 7. Bc4 Bb4 8. Bd2 0-0 9. a3 Be7 10. Nf3 Nb6 11. Ba2 Nc6 12. Be3 Na5 13. 0-0 Nac4 14. Qe2 Nd6 15. Rfd1 Bf6 16. Rac1 Qe7 17. Bf4 Rd8 18. d5 exd5 19. Qxe7 Bxe7 20. Nxd5 Nxd5 21. Bxd5 Ne8 22. Ne5 Nd6 1/2-1/2

[Event "Bratto op-A 28th"]
[Site "Bratto"]
[Date "2008.08.27"]
[Round "6"]
[White "Boccalatte, Piero"]
[Black "Fierro Baquero, Martha Lorena"]
[Result "0-1"]
[WhiteElo "2011"]
[BlackElo "2379"]
[PlyCount "64"]
[EventDate "2008.08.22"]
[EventType "swiss"]
[EventRounds "9"]
[EventCountry "ITA"]
[SourceTitle "CBM 126 Extra"]
[Source "ChessBase"]
[SourceDate "2008.11.05"]
[SourceVersion "1"]
[SourceVersionDate "2008.11.05"]
[SourceQuality "1"]

1. d4 g6 2. c4 Bg7 3. Nc3 d6 4. e4 Nc6 5. d5 Nd4 6. Be3 c5 7. Nge2 Nxe2 8. Bxe2 Nf6 9. 0-0 0-0 10. h3 a6 11. a4 e5 12. Qd2 Nd7 13. Rab1 f5 14. exf5 gxf5 15. f4 Qf6 16. Kh2 Kh8 17. fxe5 Nxe5 18. Ne4 Qe7 19. Ng3 Ng6 20. Bg5 Qe5 21. Bf4 Nxf4 22. Qxf4 Qxf4 23. Rxf4 Be5 24. Rf3 Rg8 25. Rd1 Bd7 26. Rdd3 Bxa4 27. b3 Bd7 28. Kh1 f4 29. Nf1 Bf5 30. Rd2 Be4 31. Rf2 Bd4 32. Rxf4 Bxg2+ 0-1

[Event "Bratto op-A 28th"]
[Site "Bratto"]
[Date "2008.08.26"]
[Round "5"]
[White "Salmoiraghi, Angelo"]
[Black "Boccalatte, Piero"]
[Result "0-1"]
[WhiteElo "2106"]
[BlackElo "2011"]
[PlyCount "88"]
[EventDate "2008.08.22"]
[EventType "swiss"]
[EventRounds "9"]
[EventCountry "ITA"]
[SourceTitle "CBM 126 Extra"]
[Source "ChessBase"]
[SourceDate "2008.11.05"]
[SourceVersion "1"]
[SourceVersionDate "2008.11.05"]
[SourceQuality "1"]

1. e4 c6 2. d4 d5 3. e5 Bf5 4. Nf3 e6 5. Be2 Nd7 6. 0-0 c5 7. c4 Ne7 8. Nc3 dxc4 9. Bxc4 Nc6 10. Bg5 Be7 11. Bxe7 Qxe7 12. d5 Ncxe5 13. Nxe5 Nxe5 14. Qa4+ Kf8 15. dxe6 Nxc4 16. Nd5 Qxe6 17. Nc7 Qd7 18. Qxd7 Bxd7 19. Nxa8 Ke7 20. Rac1 Nxb2 21. Rb1 Rxa8 22. Rxb2 b5 23. Re1+ Kd6 24. Rd1+ Kc6 25. Rxb5 Kxb5 26. Rxd7 Kb4 27. Rb7+ Kc3 28. Kf1 c4 29. Ke2 Kc2 30. Rxf7 Re8+ 31. Kf3 a5 32. Rxg7 c3 33. Rg5 Ra8 34. Ke3 a4 35. Rc5 a3 36. f4 Kb2 37. g4 Rb8 38. Kd3 Rd8+ 39. Ke2 Rd2+ 40. Ke1 Rxh2 41. f5 Rd2 42. Rc7 Rd4 43. g5 c2 44. Rb7+ Kxa2 0-1

[Event "Bratto op-A 28th"]
[Site "Bratto"]
[Date "2008.08.22"]
[Round "1"]
[White "Boccalatte, Piero"]
[Black "Ranieri, Fabrizio"]
[Result "0-1"]
[WhiteElo "2011"]
[BlackElo "2245"]
[PlyCount "76"]
[EventDate "2008.08.22"]
[EventType "swiss"]
[EventRounds "9"]
[EventCountry "ITA"]
[SourceTitle "CBM 126 Extra"]
[Source "ChessBase"]
[SourceDate "2008.11.05"]
[SourceVersion "1"]
[SourceVersionDate "2008.11.05"]
[SourceQuality "1"]

1. d4 e6 2. c4 d5 3. Nc3 Nf6 4. Bg5 Nbd7 5. e3 Be7 6. Nf3 c6 7. Bd3 a6 8. a4 0-0 9. 0-0 Re8 10. h3 Nf8 11. Ne5 N6d7 12. Bxe7 Qxe7 13. f4 Qb4 14. Qe2 c5 15. Ra3 Rb8 16. Na2 Qb6 17. dxc5 Qxc5 18. b4 Qe7 19. Nxd7 Bxd7 20. Qb2 dxc4 21. Bxc4 Rbc8 22. Be2 Bc6 23. b5 axb5 24. axb5 Bd5 25. Nc3 Bc4 26. Rc1 Red8 27. Bxc4 Rxc4 28. Ne2 Rxc1+ 29. Qxc1 e5 30. Ra2 Qb4 31. Rb2 Qe4 32. Kf2 Ne6 33. Ng3 Qd5 34. Nf5 Qd3 35. Ng3 exf4 36. exf4 Qd4+ 37. Kf3 Qd5+ 38. Kf2 Nc5 0-1

[Event "Bratto Gorgonzola op-B"]
[Site "Bratto"]
[Date "2006.08.22"]
[Round "3"]
[White "Panigoni, Giuseppe"]
[Black "Boccalatte, Piero"]
[Result "1/2-1/2"]
[WhiteElo "1892"]
[BlackElo "1999"]
[PlyCount "111"]
[EventDate "2006.08.20"]
[EventType "swiss"]
[EventRounds "8"]
[EventCountry "ITA"]
[SourceTitle "EXT 2008"]
[Source "ChessBase"]
[SourceDate "2007.11.25"]
[SourceVersion "1"]
[SourceVersionDate "2007.11.25"]
[SourceQuality "1"]

1. d4 d5 2. c4 e6 3. Nc3 c6 4. Nf3 Nd7 5. e3 Ngf6 6. Bd3 Bd6 7. 0-0 0-0 8. e4 dxe4 9. Nxe4 Nxe4 10. Bxe4 e5 11. dxe5 Nxe5 12. Nxe5 Bxe5 13. Bxh7+ Kxh7 14. Qh5+ Kg8 15. Qxe5 Re8 16. Qg3 Qd4 17. Rb1 Bf5 18. Be3 Qxc4 19. Rbd1 Re4 20. Qg5 Qe6 21. Rd8+ Rxd8 22. Qxd8+ Kh7 23. Rd1 f6 24. Qa5 a6 25. h3 Bg6 26. Qc7 Be8 27. Qxb7 Qxa2 28. Rd8 Qc4 29. Qc8 Qe6 30. Qxa6 Kg8 31. Qd3 Kf7 32. g4 Re5 33. Bd2 Rd5 34. Rxd5 Qxd5 35. Qe3 Bd7 36. f3 c5 37. Bc3 Bc6 38. Kf2 c4 39. Qa7+ Qd7 40. Qc5 Qd5 41. Qe3 Qd6 42. Kg2 Qd5 43. h4 Qe6 44. Qd4 Qe2+ 45. Qf2 Bxf3+ 46. Kg3 Bxg4 47. Qxe2 Bxe2 48. Kf4 g6 49. Bd4 Ke6 50. Bc5 Bh5 51. Bd4 f5 52. Bh8 Kd5 53. Bc3 Kc5 54. Bh8 Kb4 55. Bc3+ Kb3 56. Bh8 1/2-1/2

[Event "Bratto op 24th"]
[Site "Bratto"]
[Date "2004.08.28"]
[Round "9"]
[White "Marinelli, Gian Marco"]
[Black "Boccalatte, Piero"]
[Result "0-1"]
[WhiteElo "2018"]
[BlackElo "2002"]
[PlyCount "78"]
[EventDate "2004.08.20"]
[EventType "swiss"]
[EventRounds "9"]
[EventCountry "ITA"]
[SourceTitle "CBM 101 Extra"]
[Source "ChessBase"]
[SourceDate "2004.09.01"]
[SourceVersion "2"]
[SourceVersionDate "2004.09.01"]
[SourceQuality "1"]

1. e4 c6 2. d4 d5 3. Nc3 dxe4 4. Nxe4 Nd7 5. Nf3 Ngf6 6. Ng3 e6 7. Bd3 c5 8. c3 cxd4 9. cxd4 Bb4+ 10. Bd2 Qa5 11. 0-0 Bxd2 12. Nxd2 0-0 13. Re1 Rd8 14. Qc2 Nb6 15. Nb3 Qa4 16. Ne4 Nbd5 17. Nec5 Qe8 18. a3 b6 19. Ne4 Bb7 20. Qd2 Qe7 21. Rac1 Rac8 22. f3 h6 23. Qf2 Nf4 24. Bb1 Ba6 25. Qd2 N4d5 26. Nc3 Bc4 27. Na1 Rc7 28. Nc2 Rcd7 29. Rcd1 Bb3 30. Ne2 Rc8 31. Rc1 Qd8 32. Ne3 Nxe3 33. Qxe3 Bc4 34. Qc3 Ba6 35. Qd2 Rxc1 36. Rxc1 Bxe2 37. Qxe2 Rxd4 38. Bc2 Rd2 39. Qe3 Rxc2 0-1